Statistics for Countries by shape -Hard

Click here to take the quiz!

General Stats

  • This quiz has been taken 20 times
  • The average score is 7 of 14

Answer Stats

QuestionAnswer% Correct
Which one is Nauru
81%
Which one is Mauritius
75%
Which one is Cape Verde
69%
Which one is Samoa
63%
Which one is Maldives
63%
Which one is Antigua and Barbuda
63%
Which one is Sao Tome Principe
56%
Which one is Vanuatu
56%
Which one is Seychelles
44%
Which one is Comoros
44%
Which one is Micronesia
44%
Which one is Tonga
44%
Which one is Marshall Islands
38%
Which one is Solomon Islands
6%

Score Distribution

Percentile by Number Answered

Percent of People with Each Score

Your Score History

You have not taken this quiz